Java Servlet Programming (Record no. 1106)

MARC details
000 -LEADER
fixed length control field 00457nam a2200169Ia 4500
008 - FIXED-LENGTH DATA ELEMENTS--GENERAL INFORMATION
fixed length control field 130318s9999 xx 000 0 und d
020 ## - INTERNATIONAL STANDARD BOOK NUMBER
International Standard Book Number 8173662851
082 ## - DEWEY DECIMAL CLASSIFICATION NUMBER
Classification number 005.133JM HUN/J
100 ## - MAIN ENTRY--PERSONAL NAME
Personal name Hunter, Jason
245 ## - TITLE STATEMENT
Title Java Servlet Programming
250 ## - EDITION STATEMENT
Edition statement 2
260 ## - PUBLICATION, DISTRIBUTION, ETC.
Name of publisher, distributor, etc. O'Reilly/Shroff Publishers and Distributors
Place of publication, distribution, etc. Beijing
Date of publication, distribution, etc. 2001
300 ## - PHYSICAL DESCRIPTION
Extent 753
650 ## - SUBJECT ADDED ENTRY--TOPICAL TERM
Topical term or geographic name entry element COMPUTER SCIENCE
650 ## - SUBJECT ADDED ENTRY--TOPICAL TERM
Topical term or geographic name entry element JAVA SERVLET PROGRAMMING
700 ## - ADDED ENTRY--PERSONAL NAME
Personal name Crawford, William
Holdings
Withdrawn status Lost status Damaged status Not for loan Collection code Home library Current library Date acquired Cost, normal purchase price Total Checkouts Full call number Barcode Date last seen Date last checked out Price effective from Koha item type
        Programming in JAVA Kerala University of Digital Sciences, Innovation and Technology Knowledge Centre Kerala University of Digital Sciences, Innovation and Technology Knowledge Centre 18/03/2013 400.00 1 005.133JM HUN/J 1113 14/03/2016 20/08/2015 18/03/2013 Archives